000 00804pam a2200253 a 4500
001 u15352
003 SIRSI
005 20180220093805.0
008 960116s1991 nyua b 001 0 eng d
020 _a0824783557 (alk. paper)
039 9 _a200401271235
_beman
_y200203190939
_zload
040 _aEAL.
050 _aS593
_bS64 1991
245 0 0 _aSoil analysis :
_bmodern instrumental techniques /
_cedited by Keith A. Smith.
250 _a2nd ed.
260 0 _aNew York :
_bM. Dekker,
_cc1991.
300 _aviii, 659 p. :
_bill. ;
_c24 cm.
440 0 _aBooks in soils, plants, and the environment
504 _aIncludes bibliographical references and index.
596 _a1
650 0 _aSoils
_xAnalysis.
700 1 0 _aSmith, Keith A.,
_d1940-
942 _cBK
_2lcc
999 _c23551
_d23551